| 000 | 00958nam a2200289Ia 4500 | ||
|---|---|---|---|
| 003 | GCL | ||
| 008 | 140319s9999 xx 000 0 ara d | ||
| 020 | _a6330281977 | ||
| 040 |
_aGCL / _cGCL |
||
| 082 | 0 | 4 |
_a613.2 _bم ط |
| 100 | 1 | _aمصطفى كمال مصطفى | |
| 245 | 1 | 0 |
_aالطعام المتوازن / _cمصطفى كمال مصطفى |
| 260 |
_aالقاهرة : _bالمكتبة الاكاديمية ، _c2007 |
||
| 300 |
_a130 ص ؛ _c26 سم |
||
| 490 |
_aكراسات علمية _v0 |
||
| 650 | 0 | 4 | _aالتغذية |
| 650 | 0 | 4 | _aالفيتامينات |
| 650 | 0 | 4 | _aالاغذية |
| 650 | 0 | 4 | _aسوء التغذية |
| 650 | 0 | 4 | _aالاطفال - تغذية |
| 650 | 0 | 4 | _aالاغذية - مكونات |
| 650 | 0 | 4 | _aالفيتامينات - انواع |
| 650 | 0 | 4 | _aمنظمة الفاو F A O |
| 650 | 0 | 4 | _aمنظمة اليونيدو U N I D O |
| 650 | 0 | 4 | _aمنظمة الصحة العالمية W H O |
| 942 |
_2ddc _cBK |
||
| 999 |
_c9835 _d9835 |
||